Statistiques concernant Citations philosophiques : Trouver l'auteur.e

Cliquez ici pour prendre le quiz!

Statistiques générales

  • Ce quiz a été pris 108 fois
  • Le résultat moyen est 4 sur 10

Statistiques - réponses

QuestionRéponse% Correct
"L'histoire de toute société jusqu'à nos jours n'a été que l'histoire de luttes de classes"Marx
95%
"Le coeur a ses raisons, que la raison ne connaît point."Pascal
76%
"La seule façon d'exister pour la conscience c'est d'avoir conscience qu'elle existe."Sartre
45%
"Qu'est-ce donc que le temps? Si personne ne me le demande, je le sais ; mais si on me le demande et que je veuille l'expliquer, je ne sais plus."Saint Augustin
43%
"Tout ce qui arrive est nécessaire et utile au monde universel, dont tu fais partie."Marc-Aurèle
40%
"Le bon sens est la chose du monde la mieux partagée"Descartes
34%
"Il y a à tout moment une infinité de perceptions en nous, mais sans aperception et sans réflexion, (...) dont nous ne nous apercevons pas."Leibniz
28%
"Plus le niveau de la technique est élevé, plus les avantages que peuvent apporter des progrès nouveaux diminuent par rapport aux inconvénients."Weil
24%
"C'est ce que l'on peut dire qui délimite et organise ce qu'on peut penser."Benveniste
18%
"Le travail utile est par lui-même un plaisir ; par lui-même, et non par les avantages qu'on en retirera."Alain
15%

Distribution des résultats

Percentile par nombre de réponses

% des personnes avec chaque résultat

Votre développement - résultats

Vous n’avez pas pris ce quiz